Stilističeskoje svojeobrazije občšeslavjanskoj leksiki russkogo jazyka
Skúmanie štylistického statusu slovanskej slovnej zásoby ruského jazyka. Identifikovanie faktora zmien v štylistickom statuse slov slovanského pôvodu. Analýza dôvodov týchto zmien.
Salvato in:
| Autore principale: | |
|---|---|
| Natura: | Capitolo di libro |
| Lingua: | russo |
| Soggetti: | |
| Tags: |
Nessun Tag, puoi essere il primo ad aggiungerne!!
|
MARC
| LEADER | 00000naa$a2200000$$$4500 | ||
|---|---|---|---|
| 001 | 0287691 | ||
| 005 | 20240502083918.4 | ||
| 041 | 0 | |a rus | |
| 044 | |a RU | ||
| 245 | 1 | 0 | |a Stilističeskoje svojeobrazije občšeslavjanskoj leksiki russkogo jazyka |c Elena Michajlovna Markova |
| 520 | |a Skúmanie štylistického statusu slovanskej slovnej zásoby ruského jazyka. Identifikovanie faktora zmien v štylistickom statuse slov slovanského pôvodu. Analýza dôvodov týchto zmien. | ||
| 610 | 2 | 0 | |a ruština |
| 610 | 2 | 0 | |a zásoba slovná |
| 610 | 2 | 0 | |a štylistika |
| 610 | 2 | 0 | |a jazykoveda |
| 100 | 1 | |a Markova, Elena Michajlovna, 1960- | |